Three Band Flags With Emblems - Statistics

General Stats
  • This quiz has been taken 282 times
    237 since last reset
  • The average score is 40 of 43
Answer Stats
Picture Answer % Correct
Canada
100%
Lebanon
98%
Argentina
96%
Egypt
96%
India
96%
Mexico
96%
Spain
96%
Azerbaijan
95%
Barbados
95%
Cambodia
95%
Croatia
95%
Iran
95%
Iraq
95%
Serbia
95%
Slovakia
95%
Slovenia
95%
Venezuela
95%
Libya
94%
Myanmar
94%
Niger
94%
Andorra
93%
Honduras
93%
Laos
93%
Mongolia
93%
Belize
92%
Ethiopia
92%
Mauritania
92%
Moldova
92%
Nauru
92%
Ecuador
91%
El Salvador
91%
Lesotho
91%
Nicaragua
91%
St. Vincent and the Grenadines
91%
Syria
91%
Cameroon
90%
Guatemala
90%
Ghana
89%
Tajikistan
89%
Malawi
88%
Paraguay
88%
Rwanda
84%
Senegal
84%
No matching quizzes found
Score Distribution
Percent of People with Each Score
Percentile by Number Answered
Your Score History
You have not taken this quiz since the last reset